e-Panchayats in India : (Record no. 88306)

MARC details
000 -LEADER
fixed length control field 00685nam a22002057a 4500
005 - DATE AND TIME OF LATEST TRANSACTION
control field 20140905105418.0
010 ## - LCCN (DPL NO)
LC control number ENG-110745
020 ## - INTERNATIONAL STANDARD BOOK NUMBER
International Standard Book Number 9788183874960
Terms of availability 995.00
035 ## - SYSTEM CONTROL NUMBER
System control number EN-94277
037 ## - SOURCE OF ACQUISITION
Source of stock number/acquisition DBAD/PUB
082 ## - DEWEY DECIMAL CLASSIFICATION NUMBER
Classification number 320.954123
100 ## - MAIN ENTRY--PERSONAL NAME
Personal name Verma, Ravindra Kumar
245 ## - TITLE STATEMENT
Title e-Panchayats in India :
Statement of responsibility, etc by Ravindra Kumar Verma [and] Archana Kumari
Remainder of title some facets /
260 ## - PUBLICATION, DISTRIBUTION, ETC. (IMPRINT)
Place of publication, distribution, etc New Delhi
Name of publisher, distributor, etc Serials Publications
Date of publication, distribution, etc 2012
270 ## - ADDRESS
Address 4830/24, Prahlad Street, Ansari Road, Darya Ganj
City New Delhi
Postal code 110002
300 ## - PHYSICAL DESCRIPTION
Extent x,289p.
Dimensions 22cm(Hb)
500 ## - GENERAL NOTE
General note Includes bibliographical references
700 ## - ADDED ENTRY--PERSONAL NAME
Personal name Archana Kumari
942 ## - ADDED ENTRY ELEMENTS (KOHA)
Source of classification or shelving scheme Dewey Decimal Classification
Item type English Books
Classification part 320.954123
Call number suffix VER
Holdings
Withdrawn status Lost status Not for loan Collection code Home library Current library Date acquired Source of acquisition Cost, normal purchase price Full call number Barcode Copy number Cost, replacement price Koha item type
    Not For Loan Non-fiction D.B.Act.Division D.B.Act.Division 04/09/2014 DBAD / PUB 995.00 320.954123 VER EN-94277 1 995.00 English Books

© Delhi Public Library
Hit Counter
free hit counter